00674nam a2200241Ia 450000500170000000800410001702000150005808200200007310000130009324500470010626000380015326000340019130000120022565000160023765000120025365000110026565000110027665000150028765000130030294200060031595200960032199900150041720250130050416.0240331s9999 xx 000 0 und d a0861043790 bHOO2311a305.4 aHooks, B 0aAin't I A Woman:bBlack Women and Feminism aLondonbPluto Press Limitedc1982 aBostonbSouth End Pressc1982 a205 p., aBlack Women aSlavery aRacism aSexism aPatriarchy aFeminism cL 001040708LaWERCLbWERCLcSSCd2024-03-31l0o 305.4 HOOp311r2024-03-31w2024-03-31yL c1660d1660